Les personnalités de 2025 - Statistiques

Statistiques générales
  • Ce quiz a été pris 849 fois
  • Le résultat moyen est 6 sur 16
Statistiques - réponses
Par images Réponse % Correct
Théodora
75%
Sébastien Lecornu
73%
Léon XIV
71%
Charlie Kirk
66%
Werenoi
57%
Nasser al-Khelaïfi
55%
Giulia Sarkozy
49%
Bill
48%
Jean Pormanove
46%
Pauline Ferrand-Prévot
37%
Zohran Mamdani
31%
Daoud Baraka
6%
Georges Ibrahim Abdallah
6%
Jafar Panahi
4%
Doudou Cross Bitume
1%
Yoon Suk-yeol
1%
Aucun quiz correspondant
Distribution des résultats
% des personnes avec chaque résultat
Percentile par nombre de réponses
Votre historique - résultats
Vous n’avez pas pris ce quiz